Risālah Ismāʻīlīyah wāḥidah : al-qaṣīdah al-Ṣūrīyah /

محفوظ في:

المؤلف الرئيسي: Ṣūrī, Muḥammad ibn ʻAlī ibn Ḥasan (مؤلف)

مؤلفون آخرون: Tāmir, ʻĀrif.

التنسيق: دورية

اللغة: Arabic

منشور في: Dimashq : al-Maʻhad al-Faransī bi-Dimashq lil-Dirāsāt al-ʻArabīyah, 1955.

الموضوعات:

الوسوم: إضافة وسم

لا توجد وسوم, كن أول من يضع وسما على هذه التسجيلة!

رقم الطلب: BP195 .I8 S9 1955

LEADER 01590nas a2200253Ia 4500
003 OSt
005 20230202115847.0
008 130303s1955 sy g b 000 0 ara d
952 |0 0  |1 0  |2 lcc  |4 0  |6 BP0195 I8 S9 01955  |7 1  |9 45464  |a ARCE  |b ARCE  |d 2023-02-02  |l 0  |o BP195 .I8 S9 1955  |p 1030271  |r 2023-02-02 00:00:00  |w 2023-02-02  |y BK 
999 |c 29203  |d 29203 
040 |c ARCE Library 
050 4 |a BP195 .I8 S9 1955 
100 1 |6 880-01  |a Ṣūrī, Muḥammad ibn ʻAlī ibn Ḥasan,  |e author  |9 40698 
240 1 0 |a Qaṣīda al-Ṣūrīyah. 
245 1 0 |6 880-02  |a Risālah Ismāʻīlīyah wāḥidah :   |b al-qaṣīdah al-Ṣūrīyah /   |c taʼlīf Muḥammad ibn ʻAlī ibn Ḥasan al-Ṣūrī ; taḥqīq wa-taqdīm ʻĀrif Tāmir.  
264 1 |a Dimashq :   |b al-Maʻhad al-Faransī bi-Dimashq lil-Dirāsāt al-ʻArabīyah,   |c 1955. 
300 |a 74 pages ;   |c 25 cm. 
504 |a Includes bibliographical references.  
651 0 |a Ismailites. 
700 1 |a Tāmir, ʻĀrif.  
880 1 |6 100-01/(3/r  |a صوري، محمد بن علي بن حسن.‪‪‪‪‪‪‪‪‪‪‪‪‪‪‪‪‪‪‪‪‪‪‪‪‪‪‪‪‪‪‪‪‪‪‪‪‪‪‪‪‪‪‪‪‪‪‪‪‪‪‪‪‪ 
880 1 0 |6 245-02/(3/r  |a رسالة إسماعيلية واحدة :   |b القصيدة الصورية   |c تأليف محمد بن علي بن حسن الصوري ؛ تحقيق و تقديم عارف تامر.‪‪‪‪‪‪‪‪‪‪‪‪‪‪‪‪‪‪‪‪‪‪‪‪‪‪‪‪‪‪‪‪‪‪‪‪‪‪‪‪‪‪‪‪‪‪‪‪‪‪‪‪‪ 
901 |a reviewed 
942 |c BK  |2 lcc